Statystyki dla Państwa, które najwięcej produkują pomarańczy

Kliknij tutaj aby rozwiązać quiz!

Ogólne statystyki

  • Ten quiz został rozwiązany 5 989 razy
  • Średni wynik to 13 z 20

Statystyki odpowiedzi

TonyPaństwo% Poprawnych
17,459,908Brazylia
89%
4,615.760Stany Zjednoczone
89%
8,564,425Chiny
88%
3,357,163Hiszpania
88%
1,025,000Argentyna
80%
7,647,000Indie
80%
4,629,758Meksyk
79%
1,500,579Włochy
79%
961,000Grecja
71%
3,013,758Egipt
70%
1,950,000Turcja
69%
1,037,218Maroko
63%
1,453,251Republika
Południowej Afryki
62%
2,295,325Indonezja
61%
1,013,951Algieria
59%
1,561,134Iran
51%
1,585,050Pakistan
44%
768,319Wietnam
41%
795,455Syria
32%
702,861Ghana
16%

Rozkład punktacji

Percentyl według liczby udzielonych odpowiedzi

Procent ludzi z każdym wynikiem

Twoja historia wyników

Nie rozwiązałeś tego quizu